|
|
|
|
| LEADER |
00000nam0a2200000 4500 |
| 001 |
43623 |
| 005 |
20231031021215.0 |
| 035 |
|
|
|a (RuTPU)RU\TPU\book\45117
|
| 090 |
|
|
|a 43623
|
| 100 |
|
|
|a 20021014d1970 k y0rusy50 ca
|
| 101 |
0 |
|
|a rus
|
| 102 |
|
|
|a RU
|
| 105 |
|
|
|a y z 100zy
|
| 200 |
1 |
|
|a Теплофизические свойства низкотемпературной плазмы
|e Доклады конференции 30 сентября - 5 октября 1968 г.
|f Под ред. Е. В. Самуйлова
|
| 210 |
|
|
|a Москва
|c Наука
|d 1970
|
| 215 |
|
|
|a 174 с.
|
| 320 |
|
|
|a Библиогр. в конце докладов
|
| 610 |
1 |
|
|a физика
|
| 610 |
1 |
|
|a низкотемпературная плазма
|
| 610 |
1 |
|
|a теплофизические свойства
|
| 610 |
1 |
|
|a электропроводность
|
| 610 |
1 |
|
|a измерения
|
| 610 |
1 |
|
|a СВЧ
|
| 610 |
1 |
|
|a проводимость
|
| 610 |
1 |
|
|a конференции
|
| 610 |
1 |
|
|a Баку
|
| 675 |
|
|
|a 536.2
|v 3
|
| 675 |
|
|
|a 537.222(063)
|v 3
|
| 702 |
|
1 |
|a Самуйлов
|b Е. В.
|4 340
|
| 712 |
1 |
2 |
|a Всесоюзная теплофизическая конференция по свойствам веществ при высоких температурах
|d 3
|e Баку
|f 1968
|
| 801 |
|
1 |
|a RU
|b 63413507
|c 20021014
|g PSBO
|
| 801 |
|
2 |
|a RU
|b 63413507
|c 20210206
|g PSBO
|
| 942 |
|
|
|c BK
|